AK’s General Knowledge A-Z #3 - Statistics

General Stats
  • This quiz has been taken 3,781 times
  • The average score is 21 of 26
Answer Stats
Hint Answer % Correct
B – Jamaican former sprinter, first name Usain Bolt
98%
L – fashion house ____ Vuitton, or someone numbered XVI who had a crappy time around 1790 Louis
95%
V – tennis player Williams, or the Roman equivalent of Aphrodite Venus
94%
D – country where Castello cheese and ECCO shoes come from Denmark
92%
F – without these we wouldn’t have a clue that something like dinosaurs ever existed Fossils
92%
G – painting by Johannes Vermeer, “___ With a Pearl Earring” Girl
91%
O – you cannot make this without breaking eggs Omelette
91%
H – a Pharrell Williams hit, or something that is “lieto” or “feliz” in Italian Happy
90%
N – a three-part waterfall, “Honeymoon Capital of the World” Niagara Falls
90%
Y – a pronoun, or someone for whom Bryan Adams does everything he does You
88%
E – middle name of the voice of Darth Vader, or a rank of nobility in Britain Earl
83%
T – a Serbian-American inventor and electrical engineer who worked for Edison and powered the Niagara Falls Nikola Tesla
83%
U – Tashkent is the capital of this country Uzbekistan
83%
X – chemical element Xe: a noble gas that has been used in flash lamps and as a general anaesthetic Xenon
82%
S – Twilight main character Bella, or a bird familiar to Tchaikovsky fans Swan
80%
M – M in BMW Motoren
79%
Z – fictional swordsman whose true identity is Don Diego de la Vega Zorro
79%
A – Macedonian king who conquered the Persian Empire and was accidentally buried alive Alexander the Great
76%
I – had 15 million users in 1995 and 5 billion users in 2020 Internet
76%
Q – cheese in Spanish Queso
76%
K – more familiar name for Godwin-Austen, Lambha Pahar or Chogori (the 2nd highest mountain on Earth) K2
73%
P – a Japanese media franchise featuring Ash Ketchum Pokémon
69%
W – physical motion in atmosphere, or something that is East, South, West or North in Mahjong Wind
65%
R – European capital that means “smoky bay” in the country’s own language Reykjavik
58%
J – was Pope only for 33 days (in 1978) John Paul I
56%
C – to put an end to, or bunny-boiling Glenn Close
50%
No matching quizzes found
Score Distribution
Percent of People with Each Score
Percentile by Number Answered
Your Score History
You have not taken this quiz